| 000 | 00530 a2200157 4500 | ||
|---|---|---|---|
| 003 | NUST | ||
| 005 | 20221202184112.0 | ||
| 040 | _cNust | ||
| 082 | _a025.467,SPO | ||
| 100 |
_aGilchrist ,Alan _9104060 |
||
| 245 |
_aClassification/Thesaurus for Sport and physical Recreation (and Allied topics) / _cAlan Gilchrist & Partners _hThe Sports Council |
||
| 260 |
_alondon _bthe sports council _c1981 |
||
| 300 | _axii,185,p.: | ||
| 505 | _aIntroduction (Page-1), Schedules (Page-3), Thesauras (Page-56). | ||
| 942 |
_2ddc _cBK _k025.467,SPO |
||
| 999 |
_c193692 _d193692 |
||